LEADER 00848nam a2200229 i 4500 001 000000033512 003 CaOOAMICUS 005 20180830125450.0 008 180830s1850 sz u000 u und u 040 $aSeMil$bita 100 1 $aLamartine, Alphonse : de,$d<1790-1869>.$0(OLS)http://semarc/name/4379 245 10$aHistoire des Girondins /$cpar A. De Lamartine. 260 $aLausanne :$bImprimerie Suisse,$c1850. 300 $a5 v. ;$c19 cm. 650 4$aRivoluzione francese <1789-1799>.$0(OLS)http://semarc/subject/1257 774 0 $tTome 1.$g1$w()79007 774 0 $tTome 4.$g4$w()253360 774 0 $tTome 2.$g2$w()253361 774 0 $tTome 3.$g3$w()253362 774 0 $tTome 5.$g5$w()253364 996 $6245$aHistoire des Girondins$9(OLS)http://semarc/title/402071 996 $6260$aLausanne :$bImprimerie Suisse$9(OLS)http://semarc/publisher/56196 LEADER 01278nam a2200265 i 4500 001 000000089044 003 CaOOAMICUS 005 20220711162943.0 008 180830s1971 it u000 u ita u 040 $aSeMil$bita 100 1 $aWahl, Jean,$d<1888-1974>.$0(OLS)http://semarc/name/33953 245 10$aVerso la fine dell'ontologia :$bstudio sull'introduzione alla metafisica di Heidegger /$cJean Wahl ; a cura di Giuseppe Masi. 264 1$aMilano :$bFabbri,$c1971. 300 $a449 p. ;$c25 cm 490 1 $aFilosofi contemporanei ;$v18 650 4$aHeidegger, Martin <1889-1976> - Metafisica.$0(OLS)http://semarc/subject/52634 650 04$aHeidegger, Martin <1889-1976> - Ontologia.$0(OLS)http://semarc/subject/13136 700 1 $aMasi, Giuseppe,$d<1915-2007>.$0(OLS)http://semarc/name/35283 830 0$aFilosofi contemporanei ;$v18.$0(OLS)http://semarc/title/7729 850 $aSeMil 852 $aSeMil$W1$xVenegono$y1$m2P VI 614$j233550$B52202$CSeMilBibl$Z2$F56644 $81 961 $aRecupero da Biblioteca Seminario di Seveso 996 $6245$aVerso la fine dell'ontologia :$bstudio sull'introduzione alla metafisica di Heidegger$9(OLS)http://semarc/title/134828 996 $6264$aMilano :$bFabbri$9(OLS)http://semarc/publisher/30054